Statistiche per Elenca la formazione - Quiz n°303

Clicka qui per fare il quiz!

Statistiche generali

  • Questo quiz è stato fatto 2 volte
  • Il punteggio medio è 7 su 11

Statistiche sulle risposte

RuoloClub dell'epocaCalciatore% Corretto
CentrocampistaParis Saint-GermainCristian Rodríguez
100%
AttaccanteAtletico MadridDiego Forlán
100%
DifensoreFenerbahçeDiego Lugano
100%
PortiereInterFabián Carini
100%
DifensoreDefensor Sporting ClubMaximiliano Pereira
100%
DifensoreTrevisoCarlos Valdez
50%
CentrocampistaPortoJorge Fucile
50%
AttaccanteTigres UANLSebastián Abreu
50%
DifensoreArgentinos JuniorsAndrés Scotti
0%
CentrocampistaDanubioIgnacio González
0%
CentrocampistaReal MurciaPablo García
0%

Distribuzione punteggi

Percentile per numero di risposta

Percentuale di utenti per punteggio

I tuoi punteggi nel tempo

Non hai fatto questo quiz